Царствование императора Николая II (Запись № 6596678)

Подробности
000 -МАРКЕР
контрольное поле 00899nam0a22002651 4500
001 - ИДЕНТИФИКАТОР ЗАПИСИ
контрольное поле rc\53622
005 - ИДЕНТИФИКАТОР ВЕРСИИ
контрольное поле 20260503052752.0
010 ## - МЕЖДУНАРОДНЫЙ СТАНДАРТНЫЙ НОМЕР КНИГИ (ISBN)
Номер (ISBN) 5-88560-088-0
Тираж 50000
035 ## - ДРУГИЕ СИСТЕМНЫЕ НОМЕРА
Идентификатор записи (NLR Aleph) 005331518
100 ## - ДАННЫЕ ОБЩЕЙ ОБРАБОТКИ
Данные общей обработки 20131026d1991 |||y0rusy50 ca
101 0# - ЯЗЫК РЕСУРСА
Язык текста, звукозаписи и т.д. русский
102 ## - СТРАНА ПУБЛИКАЦИИ ИЛИ ПРОИЗВОДСТВА
Страна публикации Российская Федерация
105 ## - ПОЛЕ КОДИРОВАННЫХ ДАННЫХ: ТЕКСТОВЫЕ МАТЕРИАЛЫ, МОНОГРАФИЧЕСКИЕ
Кодированные данные о монографическом текстовом документе a |||||||||
200 1# - ЗАГЛАВИЕ И СВЕДЕНИЯ ОБ ОТВЕТСТВЕННОСТИ
Основное заглавие Царствование императора Николая II
205 ## - СВЕДЕНИЯ ОБ ИЗДАНИИ
Сведения об издании [Репринт. воспроизведение изд.: Вашингтон, 1981]
210 ## - ПУБЛИКАЦИЯ, РАСПРОСТРАНЕНИЕ И ДР.
Место издания, распространения и т.д. СПб.
Имя издателя, распространителя и т. д. Петрополь
Дата издания, распространения и т.д. 1991
215 ## - ФИЗИЧЕСКАЯ ХАРАКТЕРИСТИКА
Специфическое обозначение материала и объем 644 с.
Другие сведения о физической характеристике ил.
Размеры 23
600 #0 - ИМЯ ЛИЦА КАК ПРЕДМЕТ
Начальный элемент ввода Николай
Римские цифры II
Дополнения к именам, кроме дат император
Код системы psbo
700 #1 - ИМЯ ЛИЦА - ПЕРВИЧНАЯ ОТВЕТСТВЕННОСТЬ
Графика поля Кириллица
Материалы, к которым относится поле rus
Начальный элемент ввода Ольденбург
Часть имени, кроме начального элемента ввода С. С.
Даты 1888-1940
Расширение инициалов личного имени Сергей Сергеевич
Идентификатор авторитетной/нормативной записи RU\NLR\AUTH\770127033
Системный номер авторитетной/нормативной записи 127009
801 #0 - ИСТОЧНИК ЗАПИСИ
Страна Российская Федерация
Организация NLR
Правила каталогизации psbo
801 #1 - ИСТОЧНИК ЗАПИСИ
Страна Российская Федерация
Организация ELAR
Источник данных rusmarc
852 ## - МЕСТОНАХОЖДЕНИЕ И ШИФР ХРАНЕНИЯ
Идентификатор организации NLR
Шифр хранения (Call Number) 91-5/5008
942 ## - ДОПОЛНИТЕЛЬНЫЕ ЭЛЕМЕНТЫ ЗАПИСИ (АБИС)
Тип экземпляра АБИС Книга
980 ## - КОЛЛЕКЦИЯ
Название коллекции Национальная библиография
Экземпляры
Тип экземпляра Дата поступления Библиотека постоянного хранения Библиотека текущего хранения Место хранения Шифр хранения Штрих-код Статус экземпляра Стоимость Источник поступления
Книга 26.10.2013 РНБ (Московский) РНБ (Московский) Русский книжный фонд: издания с 1957 года 91-5/5008 1-1936061      
Книга 16.04.2014 РНБ (Московский) РНБ (Московский) Фонд общего зала социально-экономической литературы С1 Т3(2)52/О-562 1-469360   62.50  
Книга 22.01.2019 РНБ (Садовая) РНБ (Садовая) Фонд международного книгообмена   1-2532106 Доставлен в Фoнд 150.00 Дар
Книга 19.12.2014 РНБ (Фонтанка) РНБ (Фонтанка) Юношеский читальный зал Ю Т3(2)52-8 Николай II/О-56 1-705033     Источник неизвестен
Книга 19.12.2014 РНБ (Фонтанка) РНБ (Фонтанка) Юношеский читальный зал Ю Т3(2)52-8 Николай II/О-56 1-705035     Источник неизвестен